Travelling between Countries - Randomized - Statistics

General Stats
  • This quiz has been taken 1,787 times
  • The average score is 18 of 20
Answer Stats
Start Country crossed End % Correct
Italy Austria | Switzerland Liechtenstein
100%
Bolivia Brazil France
100%
Paraguay Brazil Suriname
100%
Suriname Brazil Uruguay
100%
Peru Brazil | Colombia Venezuela
100%
Cameroon Central African Republic | Chad Sudan
100%
Afghanistan China Russia
100%
North Korea China Pakistan
100%
India China Mongolia
100%
India China Russia
100%
Mongolia China Nepal
100%
India China | Myanmar Laos
100%
Panama Colombia Peru
100%
Somalia Ethiopia Sudan
100%
Russia Finland | Norway Sweden
100%
Belgium France Italy
100%
Belgium France Monaco
100%
Italy France Luxembourg
100%
Austria Germany Belgium
100%
Austria Germany Netherlands
100%
Denmark Germany France
100%
Austria Hungary | Slovenia Croatia
100%
Romania Hungary | Ukraine Slovakia
100%
Bangladesh India Pakistan
100%
Afghanistan Iran Iraq
100%
Iran Iraq | Turkey Syria
100%
France Italy Vatican City
100%
Russia Kazakhstan Turkmenistan
100%
Cambodia Laos | Vietnam China
100%
Belarus Latvia | Russia Estonia
100%
Chad Libya | Sudan Egypt
100%
Brunei Malaysia Indonesia
100%
Croatia Montenegro | Serbia Kosovo
100%
Russia North Korea South Korea
100%
Hungary Poland | Ukraine Russia
100%
Hungary Romania | Ukraine Moldova
100%
North Korea Russia Ukraine
100%
Finland Russia Mongolia
100%
Georgia Russia Norway
100%
Latvia Russia Norway
100%
Mongolia Russia Poland
100%
Kuwait Saudi Arabia Qatar
100%
Kuwait Saudi Arabia Yemen
100%
Oman Saudi Arabia Qatar
100%
Eritrea Sudan Libya
100%
Georgia Turkey Greece
100%
Greece Turkey Syria
100%
Ireland United Kingdom Spain
100%
Argentina Bolivia | Brazil | Chile Peru
98%
Afghanistan China North Korea
98%
Suriname France Switzerland
98%
Netherlands France | Germany Switzerland
98%
China Laos | Myanmar Thailand
98%
China North Korea South Korea
98%
Malaysia Thailand Myanmar
98%
Tajikistan Afghanistan | Uzbekistan Turkmenistan
97%
Bolivia Argentina | Brazil Uruguay
97%
Georgia Armenia | Azerbaijan | Turkey Iran
97%
Liechtenstein Austria Slovenia
97%
Liechtenstein Austria Slovakia
97%
Slovakia Austria Switzerland
97%
Slovenia Austria | Italy Switzerland
97%
Germany Austria | Switzerland Liechtenstein
97%
Paraguay Bolivia | Brazil Peru
97%
Uruguay Brazil Venezuela
97%
Greece Bulgaria Romania
97%
Greece Bulgaria | North Macedonia Serbia
97%
Central African Republic Chad | Sudan Libya
97%
Nepal China North Korea
97%
North Korea China Vietnam
97%
Kazakhstan China Laos
97%
Kazakhstan China Vietnam
97%
Laos China Russia
97%
Nepal China | India Pakistan
97%
Kazakhstan China | Russia North Korea
97%
Nicaragua Costa Rica Panama
97%
Austria Czechia | Germany | Slovakia Poland
97%
Burundi Dem. Rep. of the Congo | Rwanda Uganda
97%
Monaco France Suriname
97%
Belgium France | Germany Switzerland
97%
Austria Germany Luxembourg
97%
Belgium Germany Czechia
97%
Denmark Germany Switzerland
97%
Netherlands Germany Poland
97%
Czechia Germany Netherlands
97%
Ivory Coast Guinea | Liberia Sierra Leone
97%
Austria Hungary | Slovakia Ukraine
97%
Azerbaijan Iran | Turkey Iraq
97%
Egypt Israel Lebanon
97%
France Italy San Marino
97%
Somalia Kenya Tanzania
97%
Cambodia Laos | Thailand Myanmar
97%
Chad Libya Tunisia
97%
Brunei Malaysia Thailand
97%
Bangladesh Myanmar Thailand
97%
Angola Namibia South Africa
97%
Angola Namibia | Zambia Botswana
97%
Algeria Niger Nigeria
97%
Germany Poland Russia
97%
Czechia Poland Lithuania
97%
Angola Rep. of the Congo Gabon
97%
Bulgaria Romania Moldova
97%
Belarus Russia Mongolia
97%
North Korea Russia Norway
97%
Estonia Russia North Korea
97%
Georgia Russia North Korea
97%
Estonia Russia Finland
97%
Finland Russia Georgia
97%
Georgia Russia Ukraine
97%
Georgia Russia Lithuania
97%
Mongolia Russia Ukraine
97%
Qatar Saudi Arabia United Arab Emirates
97%
Jordan Saudi Arabia United Arab Emirates
97%
Jordan Saudi Arabia Oman
97%
Jordan Saudi Arabia Yemen
97%
Croatia Serbia North Macedonia
97%
Hungary Serbia North Macedonia
97%
Andorra Spain Portugal
97%
France Spain Morocco
97%
France Spain Portugal
97%
Morocco Spain United Kingdom
97%
Central African Republic Sudan Egypt
97%
Kenya Tanzania | Uganda Rwanda
97%
Cambodia Thailand Malaysia
97%
Armenia Turkey Bulgaria
97%
Azerbaijan Turkey Bulgaria
97%
Bulgaria Turkey Iraq
97%
Canada United States Mexico
97%
China Afghanistan | Kazakhstan | Kyrgyzstan | Tajikistan Uzbekistan
96%
China Afghanistan | Pakistan Iran
96%
Iran Afghanistan | Turkmenistan Uzbekistan
96%
Libya Algeria | Niger Mali
96%
Latvia Belarus | Lithuania | Russia Poland
96%
Latvia Belarus | Russia Ukraine
96%
Bolivia Brazil Guyana
96%
Guyana Brazil Uruguay
96%
North Macedonia Bulgaria | Serbia Romania
96%
Nigeria Chad Sudan
96%
Libya Chad | Niger Nigeria
96%
Afghanistan China Mongolia
96%
Mongolia China Myanmar
96%
Myanmar China | Laos Vietnam
96%
Panama Colombia Venezuela
96%
Burundi Dem. Rep. of the Congo Central African Republic
96%
South Sudan Dem. Rep. of the Congo | Kenya Tanzania
96%
Eritrea Ethiopia Kenya
96%
Andorra France Luxembourg
96%
Monaco France Spain
96%
Luxembourg France Suriname
96%
Belgium Germany Denmark
96%
Denmark Germany Netherlands
96%
Guinea-Bissau Guinea Sierra Leone
96%
Iraq Iran Turkmenistan
96%
Iraq Iran Pakistan
96%
Saudi Arabia Iraq | Jordan Syria
96%
Slovenia Italy Vatican City
96%
Ethiopia Kenya Tanzania
96%
Algeria Mali | Niger Burkina Faso
96%
Bangladesh Myanmar Laos
96%
Chad Niger Mali
96%
Belarus Poland Czechia
96%
Czechia Poland | Slovakia Ukraine
96%
Belarus Russia North Korea
96%
Belarus Russia Kazakhstan
96%
China Russia Finland
96%
Finland Russia North Korea
96%
North Korea Russia Poland
96%
Georgia Russia Poland
96%
Lithuania Russia Mongolia
96%
Jordan Saudi Arabia Qatar
96%
Hungary Slovakia | Ukraine Poland
96%
Andorra Spain Morocco
96%
Portugal Spain United Kingdom
96%
Chad Sudan Eritrea
96%
Ethiopia Sudan Libya
96%
Armenia Turkey Greece
96%
Belarus Ukraine Romania
96%
Morocco Algeria Tunisia
95%
Hungary Austria Liechtenstein
95%
Czechia Austria Italy
95%
Italy Austria Slovakia
95%
Germany Austria | Czechia | Poland Slovakia
95%
Czechia Austria | Germany Switzerland
95%
Czechia Austria | Slovakia Hungary
95%
Brazil Colombia Panama
95%
Rwanda Dem. Rep. of the Congo | Tanzania Zambia
95%
Denmark Germany Poland
95%
San Marino Italy Switzerland
95%
Iraq Jordan | Syria Israel
95%
Benin Niger Libya
95%
India Pakistan Iran
95%
Lithuania Russia North Korea
95%
Kazakhstan Russia Ukraine
95%
Iraq Saudi Arabia Oman
95%
Iraq Saudi Arabia Yemen
95%
Kenya Tanzania Malawi
95%
Dem. Rep. of the Congo Tanzania | Zambia Mozambique
95%
Botswana Zambia | Zimbabwe Mozambique
95%
Chile Argentina Uruguay
94%
Brazil Argentina | Bolivia | Peru Chile
94%
France Brazil Uruguay
94%
Chad Central African Republic | Sudan South Sudan
94%
Niger Chad | Libya Sudan
94%
Kazakhstan China Myanmar
94%
Myanmar China North Korea
94%
India China North Korea
94%
Laos China North Korea
94%
India China Kazakhstan
94%
Mongolia China Tajikistan
94%
Mongolia China Vietnam
94%
Russia China Vietnam
94%
Bhutan China | India Nepal
94%
Mongolia China | Russia North Korea
94%
Afghanistan China | Turkmenistan | Uzbekistan Kazakhstan
94%
Kenya Ethiopia | South Sudan Sudan
94%
Germany France Monaco
94%
Andorra France Italy
94%
Austria Germany Denmark
94%
Belgium Germany Poland
94%
Czechia Germany Luxembourg
94%
Austria Hungary Romania
94%
Serbia Hungary | Romania Ukraine
94%
Croatia Hungary | Serbia Romania
94%
East Timor Indonesia Malaysia
94%
East Timor Indonesia Papua New Guinea
94%
Afghanistan Iran Azerbaijan
94%
Pakistan Iran Turkey
94%
Jordan Iraq | Syria Turkey
94%
San Marino Italy Vatican City
94%
San Marino Italy Slovenia
94%
Somalia Kenya Uganda
94%
Ivory Coast Mali Mauritania
94%
Mauritania Morocco Spain
94%
Malawi Mozambique | Zambia Zimbabwe
94%
Costa Rica Nicaragua Honduras
94%
Bulgaria North Macedonia | Serbia Kosovo
94%
Chile Peru Colombia
94%
Belarus Poland | Ukraine Slovakia
94%
Russia Poland | Ukraine Slovakia
94%
Azerbaijan Russia North Korea
94%
China Russia Latvia
94%
China Russia Lithuania
94%
Estonia Russia Georgia
94%
Israel Syria Turkey
94%
Romania Ukraine Russia
94%
Montenegro Albania | Kosovo North Macedonia
93%
Chile Argentina | Bolivia Paraguay
93%
Luxembourg Belgium | France | Germany Netherlands
93%
Argentina Brazil Colombia
93%
Colombia Brazil France
93%
France Brazil Paraguay
93%
Peru Brazil Suriname
93%
Central African Republic Cameroon | Rep. of the Congo Gabon
93%
Kazakhstan China | Russia Mongolia
93%
Ecuador Colombia Panama
93%
Ecuador Colombia Venezuela
93%
Bosnia and Herzegovina Croatia Slovenia
93%
Uganda Dem. Rep. of the Congo | Tanzania Zambia
93%
Israel Egypt Sudan
93%
Andorra France Belgium
93%
Andorra France Monaco
93%
Andorra France Brazil
93%
Belgium France Suriname
93%
Brazil France Monaco
93%
Liberia Guinea Senegal
93%
Guatemala Honduras Nicaragua
93%
Romania Hungary Slovenia
93%
Bangladesh India | Myanmar China
93%
Iran Iraq Kuwait
93%
Iran Iraq Jordan
93%
Austria Italy San Marino
93%
Switzerland Italy Vatican City
93%
Egypt Libya Tunisia
93%
India Myanmar Thailand
93%
Germany Poland Lithuania
93%
Belarus Poland Germany
93%
Germany Poland Ukraine
93%
Azerbaijan Russia Norway
93%
Belarus Russia Norway
93%
China Russia Poland
93%
Finland Russia Kazakhstan
93%
Kazakhstan Russia Poland
93%
Iraq Saudi Arabia Qatar
93%
Botswana South Africa Lesotho
93%
Eswatini South Africa Lesotho
93%
Lesotho South Africa Mozambique
93%
Sudan South Sudan Uganda
93%
Andorra Spain United Kingdom
93%
Egypt Sudan South Sudan
93%
Bulgaria Turkey Syria
93%
Bulgaria Turkey Georgia
93%
Greece Turkey Iran
93%
Dem. Rep. of the Congo Zambia Zimbabwe
93%
Libya Algeria Morocco
92%
Morocco Algeria Niger
92%
Slovakia Austria | Hungary Slovenia
92%
Armenia Azerbaijan | Georgia Russia
92%
Bolivia Brazil Venezuela
92%
Bolivia Brazil | Peru Colombia
92%
Bolivia Brazil | Peru Ecuador
92%
Benin Burkina Faso Ivory Coast
92%
Cameroon Chad | Nigeria Niger
92%
Bhutan China Kazakhstan
92%
Russia China Tajikistan
92%
Tajikistan China Vietnam
92%
Angola Dem. Rep. of the Congo South Sudan
92%
Angola Dem. Rep. of the Congo | Rep. of the Congo Central African Republic
92%
Israel Egypt Libya
92%
Andorra France Germany
92%
Brazil France Italy
92%
Brazil France Switzerland
92%
Luxembourg France Spain
92%
Monaco France Switzerland
92%
Czechia Germany Denmark
92%
Malaysia Indonesia Papua New Guinea
92%
Egypt Israel Jordan
92%
Israel Jordan Saudi Arabia
92%
Algeria Libya Egypt
92%
Algeria Morocco Spain
92%
Azerbaijan Russia Estonia
92%
Estonia Russia Mongolia
92%
Mongolia Russia Norway
92%
Iraq Saudi Arabia United Arab Emirates
92%
Eswatini South Africa Namibia
92%
Lesotho South Africa Namibia
92%
Central African Republic South Sudan | Sudan Ethiopia
92%
Egypt Sudan Ethiopia
92%
Kenya Tanzania Zambia
92%
Azerbaijan Turkey Greece
92%
Mauritania Algeria Tunisia
91%
Hungary Austria Switzerland
91%
Hungary Austria | Slovenia Italy
91%
Lithuania Belarus | Poland | Russia Ukraine
91%
France Belgium | Germany Netherlands
91%
Argentina Brazil Suriname
91%
Paraguay Brazil Venezuela
91%
Kyrgyzstan China Myanmar
91%
Mongolia China Pakistan
91%
Myanmar China | India Nepal
91%
Brazil Colombia | Peru Ecuador
91%
Montenegro Croatia Slovenia
91%
Angola Dem. Rep. of the Congo Uganda
91%
Luxembourg France | Germany Switzerland
91%
Belize Guatemala Honduras
91%
Belize Guatemala El Salvador
91%
Honduras Guatemala Mexico
91%
Guinea-Bissau Guinea | Senegal Mali
91%
Serbia Hungary Slovakia
91%
Armenia Iran Pakistan
91%
Iran Iraq Saudi Arabia
91%
Austria Italy Vatican City
91%
Estonia Latvia | Russia Lithuania
91%
Sudan Libya Tunisia
91%
Algeria Mali | Mauritania Senegal
91%
Bosnia and Herzegovina Montenegro | Serbia Kosovo
91%
South Africa Mozambique Tanzania
91%
Eswatini Mozambique Malawi
91%
Burkina Faso Niger Chad
91%
Azerbaijan Russia Finland
91%
Belarus Russia Georgia
91%
China Russia Ukraine
91%
Estonia Russia Kazakhstan
91%
Finland Russia Ukraine
91%
Kuwait Saudi Arabia Oman
91%
Bosnia and Herzegovina Serbia Bulgaria
91%
Montenegro Serbia Romania
91%
Libya Sudan South Sudan
91%
Laos Thailand Malaysia
91%
Georgia Turkey Syria
91%
Greece Turkey Iraq
91%
Belarus Ukraine Hungary
91%
Moldova Ukraine Russia
91%
Moldova Ukraine Slovakia
91%
Niger Algeria | Libya Tunisia
90%
Mauritania Algeria | Mali Niger
90%
Czechia Austria Liechtenstein
90%
Argentina Brazil Venezuela
90%
Colombia Brazil Paraguay
90%
Colombia Brazil | Venezuela Guyana
90%
Ivory Coast Burkina Faso | Mali Niger
90%
Equatorial Guinea Cameroon Nigeria
90%
Denmark Canada United States
90%
Afghanistan China Vietnam
90%
Kyrgyzstan China Vietnam
90%
Kyrgyzstan China Mongolia
90%
Pakistan China Vietnam
90%
Eritrea Ethiopia | Sudan South Sudan
90%
Andorra France Switzerland
90%
Italy France Spain
90%
Luxembourg France Monaco
90%
Albania Greece | North Macedonia Bulgaria
90%
Kuwait Iraq Syria
90%
Russia Kazakhstan Uzbekistan
90%
Ethiopia Kenya | South Sudan Uganda
90%
Algeria Libya Sudan
90%
Albania Montenegro Croatia
90%
Colombia Panama Costa Rica
90%
Azerbaijan Russia Ukraine
90%
Azerbaijan Russia Latvia
90%
Belarus Russia China
90%
China Russia Norway
90%
Latvia Russia North Korea
90%
Estonia Russia Norway
90%
Norway Russia Ukraine
90%
Bulgaria Turkey Iran
90%
Pakistan Afghanistan Uzbekistan
89%
Czechia Austria Slovenia
89%
France Brazil Peru
89%
Guyana Brazil Peru
89%
France Brazil | Suriname Guyana
89%
Romania Bulgaria Turkey
89%
North Macedonia Bulgaria | Greece Turkey
89%
Chad Cameroon Equatorial Guinea
89%
Chad Cameroon | Central African Republic Rep. of the Congo
89%
Bhutan China Russia
89%
Kyrgyzstan China North Korea
89%
Kazakhstan China Nepal
89%
Bhutan China | India Pakistan
89%
Bhutan China | India Myanmar
89%
Afghanistan China | Kyrgyzstan | Uzbekistan Tajikistan
89%
Serbia Croatia | Hungary Slovenia
89%
Central African Republic Dem. Rep. of the Congo | South Sudan Uganda
89%
Rwanda Dem. Rep. of the Congo | Uganda South Sudan
89%
Luxembourg Germany Poland
89%
Albania Greece Turkey
89%
Jordan Iraq | Saudi Arabia Kuwait
89%
Azerbaijan Russia Belarus
89%
Belarus Russia Finland
89%
Estonia Russia Poland
89%
Kazakhstan Russia Norway
89%
Kazakhstan Russia Latvia
89%
Latvia Russia Mongolia
89%
Croatia Slovenia Italy
89%
Morocco Spain Portugal
89%
Central African Republic Sudan Eritrea
89%
Iraq Syria Lebanon
89%
Germany Austria Slovenia
88%
Niger Benin | Burkina Faso Togo
88%
Burkina Faso Benin | Niger Nigeria
88%
Benin Burkina Faso | Niger Mali
88%
Thailand Cambodia | Laos Vietnam
88%
Bhutan China Vietnam
88%
Myanmar China Russia
88%
North Korea China Tajikistan
88%
Kyrgyzstan China Nepal
88%
Nepal China Vietnam
88%
Myanmar China | India Pakistan
88%
Brazil France Germany
88%
Austria Germany | Italy | Switzerland France
88%
Ivory Coast Guinea | Mali Senegal
88%
El Salvador Honduras Nicaragua
88%
Bangladesh India Bhutan
88%
Azerbaijan Iran Pakistan
88%
Armenia Iran | Turkey Iraq
88%
Ghana Ivory Coast Guinea
88%
Algeria Mali Guinea
88%
Morocco Mauritania Senegal
88%
Malawi Mozambique South Africa
88%
Eswatini Mozambique | South Africa Zimbabwe
88%
United Arab Emirates Oman | Saudi Arabia Yemen
88%
Lithuania Poland Slovakia
88%
Dem. Rep. of the Congo Rep. of the Congo Gabon
88%
Azerbaijan Russia Poland
88%
Azerbaijan Russia Kazakhstan
88%
China Russia Estonia
88%
Georgia Russia Mongolia
88%
Georgia Russia Latvia
88%
Kazakhstan Russia Lithuania
88%
Lesotho South Africa Zimbabwe
88%
Burundi Tanzania Kenya
88%
Mozambique Tanzania Uganda
88%
Belarus Ukraine Moldova
88%
Angola Zambia Zimbabwe
88%
China Afghanistan | Kazakhstan Turkmenistan
87%
Libya Algeria Mauritania
87%
Germany Austria | France | Switzerland Italy
87%
Nigeria Benin Togo
87%
Colombia Brazil Uruguay
87%
France Brazil Venezuela
87%
Suriname Brazil | Guyana Venezuela
87%
Central African Republic Cameroon | Rep. of the Congo Equatorial Guinea
87%
Cameroon Chad Libya
87%
Myanmar China Tajikistan
87%
India China Vietnam
87%
Nepal China Tajikistan
87%
Angola Dem. Rep. of the Congo Burundi
87%
Angola Dem. Rep. of the Congo | Zambia Tanzania
87%
Germany France Suriname
87%
Belgium France Spain
87%
Italy France Monaco
87%
Croatia Hungary Slovakia
87%
Armenia Iran Turkmenistan
87%
Eswatini Mozambique Tanzania
87%
Chile Peru Ecuador
87%
Angola Rep. of the Congo Cameroon
87%
Bulgaria Romania Ukraine
87%
Bulgaria Romania | Serbia Hungary
87%
Finland Russia Poland
87%
Finland Russia Lithuania
87%
Kuwait Saudi Arabia United Arab Emirates
87%
Gambia Senegal Mauritania
87%
France Spain United Kingdom
87%
Chad Sudan Ethiopia
87%
France Switzerland Liechtenstein
87%
Kenya Tanzania Mozambique
87%
Mali Algeria Tunisia
86%
Bolivia Brazil Suriname
86%
Benin Burkina Faso | Togo Ghana
86%
Afghanistan China Myanmar
86%
Bhutan China Laos
86%
India China Tajikistan
86%
Laos China Pakistan
86%
Kazakhstan China | Kyrgyzstan | Uzbekistan Tajikistan
86%
Bosnia and Herzegovina Croatia | Serbia Hungary
86%
Angola Dem. Rep. of the Congo Rwanda
86%
Djibouti Ethiopia | Somalia Kenya
86%
Germany France Spain
86%
Italy France Suriname
86%
Guinea-Bissau Guinea Liberia
86%
Bangladesh India Nepal
86%
Afghanistan Iran Turkey
86%
Turkey Iran Turkmenistan
86%
Burkina Faso Ivory Coast Liberia
86%
Ghana Ivory Coast Liberia
86%
Kyrgyzstan Kazakhstan | Uzbekistan Turkmenistan
86%
Algeria Libya | Niger Chad
86%
Guinea Mali Niger
86%
Guinea Mali | Senegal Mauritania
86%
United States Mexico Guatemala
86%
Algeria Niger Benin
86%
Czechia Poland Russia
86%
Moldova Romania Serbia
86%
Azerbaijan Russia Lithuania
86%
Azerbaijan Russia Mongolia
86%
Botswana South Africa Eswatini
86%
Malawi Tanzania Uganda
86%
Mozambique Tanzania Rwanda
86%
Greece Albania Montenegro
85%
Germany Austria Hungary
85%
Colombia Brazil Suriname
85%
Guyana Brazil Paraguay
85%
Ghana Burkina Faso Niger
85%
Ghana Burkina Faso | Ivory Coast Mali
85%
Rep. of the Congo Central African Republic Sudan
85%
Bhutan China North Korea
85%
Hungary Croatia | Serbia Montenegro
85%
Rep. of the Congo Dem. Rep. of the Congo Uganda
85%
Rep. of the Congo Dem. Rep. of the Congo Rwanda
85%
Djibouti Eritrea | Ethiopia Sudan
85%
Brazil France Luxembourg
85%
Spain France Switzerland
85%
El Salvador Guatemala Mexico
85%
Austria Hungary Serbia
85%
Azerbaijan Iran Turkmenistan
85%
Jordan Israel | Syria Lebanon
85%
Egypt Libya Niger
85%
Algeria Mali Ivory Coast
85%
Albania Montenegro Bosnia and Herzegovina
85%
Burkina Faso Niger Libya
85%
Gambia Senegal Mali
85%
Bulgaria Serbia Montenegro
85%
Malawi Tanzania Rwanda
85%
Iran Turkmenistan Kazakhstan
85%
Poland Ukraine Romania
85%
Iran Afghanistan Tajikistan
84%
Dem. Rep. of the Congo Angola | Zambia Namibia
84%
Dem. Rep. of the Congo Central African Republic | South Sudan Sudan
84%
Afghanistan China Bhutan
84%
Afghanistan China Nepal
84%
Laos China Mongolia
84%
Laos China Nepal
84%
Burundi Dem. Rep. of the Congo South Sudan
84%
Croatia Hungary Ukraine
84%
Kuwait Iraq Turkey
84%
Albania Kosovo | Montenegro | North Macedonia Serbia
84%
Eswatini Mozambique Zambia
84%
Azerbaijan Russia China
84%
Estonia Russia Ukraine
84%
Lebanon Syria Turkey
84%
Moldova Ukraine Poland
84%
Angola Zambia Malawi
84%
Pakistan Afghanistan | Iran Turkmenistan
83%
Rep. of the Congo Angola | Dem. Rep. of the Congo Zambia
83%
South Africa Botswana | Namibia | Zimbabwe Zambia
83%
Argentina Brazil Guyana
83%
Serbia Bulgaria Turkey
83%
Bhutan China Kyrgyzstan
83%
Laos China Tajikistan
83%
Afghanistan China | Pakistan India
83%
Central African Republic Dem. Rep. of the Congo Zambia
83%
Denmark Germany Luxembourg
83%
Poland Germany Switzerland
83%
Guinea-Bissau Guinea Ivory Coast
83%
Egypt Israel Syria
83%
Belize Mexico United States
83%
Benin Niger | Nigeria Chad
83%
China Russia Georgia
83%
Bosnia and Herzegovina Serbia Romania
83%
Bulgaria Serbia Croatia
83%
Armenia Turkey Syria
83%
Georgia Turkey Iraq
83%
Pakistan Afghanistan | China Tajikistan
82%
Mali Algeria | Mauritania Morocco
82%
Mali Burkina Faso Togo
82%
Central African Republic Chad Niger
82%
India China Kyrgyzstan
82%
Saudi Arabia Iraq Turkey
82%
Mali Niger Nigeria
82%
Gambia Senegal Guinea
82%
Guinea-Bissau Senegal Mauritania
82%
Namibia Zambia Tanzania
82%
Greece Albania | North Macedonia Kosovo
81%
Gabon Cameroon Nigeria
81%
Nigeria Cameroon Rep. of the Congo
81%
Cameroon Central African Republic South Sudan
81%
Chad Central African Republic Dem. Rep. of the Congo
81%
Rep. of the Congo Central African Republic | Dem. Rep. of the Congo South Sudan
81%
Afghanistan China Laos
81%
Kyrgyzstan China Laos
81%
Kyrgyzstan China | Kazakhstan Russia
81%
Burundi Dem. Rep. of the Congo Rep. of the Congo
81%
Somalia Ethiopia | Kenya South Sudan
81%
Senegal Guinea Sierra Leone
81%
Burkina Faso Mali Mauritania
81%
Finland Russia Latvia
81%
Norway Russia Poland
81%
Gambia Senegal Guinea-Bissau
81%
Bosnia and Herzegovina Serbia North Macedonia
81%
Dem. Rep. of the Congo South Sudan Ethiopia
81%
Egypt Sudan Eritrea
81%
Burundi Tanzania Mozambique
81%
Botswana Zambia Tanzania
81%
Central African Republic Cameroon | Chad Nigeria
80%
Bhutan China Mongolia
80%
South Sudan Dem. Rep. of the Congo Zambia
80%
Tanzania Mozambique | Zambia Zimbabwe
80%
Iran Azerbaijan Russia
79%
Cameroon Central African Republic | Rep. of the Congo Dem. Rep. of the Congo
79%
Brazil France Spain
79%
Mali Guinea Sierra Leone
79%
Burkina Faso Ivory Coast | Mali Guinea
79%
Burkina Faso Mali Senegal
79%
Niger Mali Senegal
79%
Bhutan China Tajikistan
78%
Central African Republic Dem. Rep. of the Congo Tanzania
78%
Belgium France Brazil
78%
Liberia Guinea | Ivory Coast Mali
78%
Georgia Russia Kazakhstan
78%
Hungary Serbia Kosovo
78%
Dem. Rep. of the Congo Tanzania | Zambia Malawi
78%
Russia Azerbaijan | Georgia Turkey
77%
Kazakhstan China Pakistan
77%
Eritrea Djibouti | Ethiopia Somalia
77%
Andorra France Suriname
77%
Indonesia Malaysia Thailand
77%
Mozambique South Africa Namibia
77%
Angola Zambia Mozambique
77%
Kyrgyzstan China Pakistan
76%
Djibouti Ethiopia South Sudan
76%
Benin Nigeria Cameroon
76%
Kosovo Serbia Romania
76%
Azerbaijan Turkey Syria
76%
Burundi Dem. Rep. of the Congo | Tanzania Zambia
75%
Burundi Tanzania Malawi
75%
Malawi Zambia Namibia
75%
Central African Republic Dem. Rep. of the Congo Rwanda
74%
Dem. Rep. of the Congo South Sudan | Uganda Kenya
74%
Ivory Coast Burkina Faso | Ghana Togo
73%
Canada Denmark Germany
73%
Lithuania Russia Norway
73%
Chad Cameroon Gabon
72%
Rep. of the Congo Dem. Rep. of the Congo Tanzania
72%
Spain France Suriname
72%
Slovenia Hungary Ukraine
71%
Afghanistan Iran Armenia
71%
Botswana Zambia Dem. Rep. of the Congo
67%
Botswana Zambia Malawi
66%
Central African Republic South Sudan Kenya
62%
Equatorial Guinea Rep. of the Congo Rep. of the Congo
56%
No matching quizzes found
Score Distribution
Percent of People with Each Score
Percentile by Number Answered
Your Score History
You have not taken this quiz